000 00644nam a2200253Ia 4500
003 OSt
005 20220924124633.0
006 a|||||r|||| 00| 0
007 ta
008 220923b |||||||| |||| 00| 0 urd d
020 _c20.00
024 _a311063
037 _cTextual
040 _aARTS
_cARTS
_burd
041 _2urd
_aurd
082 _aO168,1xN8, M2
100 _aIndrjeet Lal
_9196475
245 0 _aNaghmah-e-rooh
260 _aNew Delhi
_b Saluja India
_c1982
650 _a URDU POETRY
650 _aURDU POETRY
942 _hO168,1xN8, M2
_cTEXL
_2CC
999 _c420348
_d420348